Modelos

Bibliographic Details
Main Author: D'Andrea, Gustavo
Format: Unknown
Language:English
Published: [S. L.] : vlex ; 2010
Subjects:
Online Access:Acceso restringido

MARC

LEADER 00000ny a22000003n 4500
005 20110519150059.0
008 071017c19uu9999us mr pss 0 a0eng d
035 |a 5039 
040 |a BUS  |d vLex 
090 |c 68  |d 68 
100 1 |a D'Andrea, Gustavo 
245 3 0 |a Modelos  |h [Recurso electrn̤ico]  |c Gustavo D'Andrea  
256 |a Servicio en ln̕ea 
260 |a [S. L.] :  |b vlex ;  |c 2010 
650 0 4 |a Contratos  |x Publicaciones perid̤icas 
740 0 |a vLex Libros (Servicios en ln̕ea) 
843 |a Electrn̤ica. Abierta 
856 4 0 |z Acceso restringido  |u http://vlex.com/source/modelos-brasil-5039 
942 |c BOOK 
999 0 |a Contracts   |b Espaą